Statistics for Miami Heat Playoffs Starters

Click here to take the quiz!

General Stats

  • This quiz has been taken 24 times
    (3 since last reset)
  • The average score is 22 of 51

Answer Stats

Player % Correct
Bam Adebayo
100%
Udonis Haslem
100%
Dwyane Wade
100%
Jermaine O'Neal
100%
Mario Chalmers
100%
Rasual Butler
100%
Alonzo Mourning
100%
LeBron James
100%
Chris Bosh
100%
Shaquille O'Neal
100%
Goran Dragić
100%
Hassan Whiteside
100%
Duncan Robinson
100%
Jimmy Butler
100%
Tim Hardaway
67%
Walt Williams
67%
Jason Williams
67%
Jae Crowder
67%
Luol Deng
33%
Tyler Johnson
33%
Josh Richardson
33%
James Johnson
33%
Shane Battier
33%
Quentin Richardson
33%
Joe Johnson
33%
James Jones
33%
Jamal Mashburn
33%
Steve Smith
33%
Glen Rice
33%
Damon Jones
33%
Lamar Odom
33%
Eddie Jones
33%
Brian Shaw
0%
John Salley
0%
Rony Seikaly
0%
Rex Chapman
0%
Kurt Thomas
0%
Voshon Lenard
0%
Dan Majerle
0%
Bruce Bowen
0%
P.J. Brown
0%
Rashard Lewis
0%
Anthony Mason
0%
Brian Grant
0%
Joel Anthony
0%
Mike Bibby
0%
Michael Beasley
0%
Antoine Walker
0%
Carlos Arroyo
0%
Grant Long
0%

Score Distribution

Percentile by Number Answered

Percent of People with Each Score

Your Score History

You have not taken this quiz since the last reset